Score 0/15 Timer 03:00
2 Plays Today
Hint Word % Correct
The opposite of foundLOST
97.8%
Sour green fruitLIME
97%
Schindler's ____LIST
96.9%
○ Capital of Peru ○○ LIMA ○
96.7%
Homer and Marge's middle kidLISA
95.6%
Goods taken from an enemyLOOT
93.1%
Crazy personLOON
90.7%
Roosevelt coinDIME
84.9%
Hint Word % Correct
To eatDINE
83.9%
○ Capital of Togo ○○ LOMÉ ○
82.2%
Rounded vault atop a buildingDOME
80.6%
○ City in east-central France ○○ LYON ○
69.9%
Drop shot in tennisDINK
60.2%
'Legend of Zelda' protagonistLINK
58.4%
○ Austria's 3rd largest city ○○ LINZ ○
34%

Today's Daily Dose

Word Ladder
Athletics

Remove Ads.
Support Sporcle.
Get the best of Sporcle when you Go Orange. This ad-free experience offers more features, more stats, and more fun while also helping to support Sporcle. Thank you for becoming a member.

You're not logged in!

Compare scores with friends on all Sporcle quizzes.
OR
Log In

Show Comments

Extras

Top Quizzes Today


Score Distribution

Your Account Isn't Verified!

In order to create a playlist on Sporcle, you need to verify the email address you used during registration. Go to your Sporcle Settings to finish the process.

Report this User

Report this user for behavior that violates our Community Guidelines.

Details: